Clásicos de la música popular chilena: 1900-1960
Saved in:
| 企業作者: | |
|---|---|
| 格式: | 圖書 |
| 語言: | 西班牙语 |
| 出版: |
Santiago
Universidad Católica de Chile
1999
Santiago SCD 1999 |
| 版: | 2a. ed |
| 叢編: | Lecturas Escogidas
|
| 主題: | |
| 標簽: |
添加標簽
沒有標簽, 成為第一個標記此記錄!
|
MARC
| LEADER | 00000nam a2200000 a 4500 | ||
|---|---|---|---|
| 001 | UCL1862 | ||
| 003 | CL-VaPUC | ||
| 005 | 20250224104155.0 | ||
| 008 | 030926e19990000cl |||||||||||||||||spa|d | ||
| 999 | |c 305301 |d 305299 | ||
| 020 | |a 9561403412 | ||
| 040 | |c Pontificia Universidad Católica de Valparaíso | ||
| 082 | 0 | 4 | |a 780.983 SOC 1999 |2 21 |
| 110 | 2 | |a Sociedad Chilena del Derecho de Autor |e author |9 478750 | |
| 245 | 1 | 0 | |a Clásicos de la música popular chilena: 1900-1960 |
| 250 | |a 2a. ed | ||
| 260 | |a Santiago |b Universidad Católica de Chile |c 1999 | ||
| 260 | |a Santiago |b SCD |c 1999 | ||
| 300 | |a 285 p | ||
| 490 | 0 | |a Lecturas Escogidas | |
| 583 | |a last modification |c 20171220 01:36:44 |k Rodrigo Vera | ||
| 650 | 0 | |a Música popular |9 356085 | |
| 650 | 0 | |a Canciones populares |9 331022 | |
| 650 | 0 | |a Partituras |9 324008 | |
| 650 | 0 | |a Tonadas |9 409899 | |
| 650 | 0 | |a Valses |9 417013 | |
| 650 | 0 | |a Cuecas |9 417014 | |
| 651 | 7 | |a CHILE |2 CL-VaPUC |9 478751 | |
| 942 | |c BK |2 ddc | ||
| 945 | |d 20030926 00:00:00 |a cmena | ||
| 952 | |0 0 |1 0 |4 0 |6 780_983000000000000_SOC_1999 |7 0 |8 F |9 368443 |a BIBEDU |b BIBEDU |d 2019-11-21 |i 3940209 |l 6 |o 780.983 SOC 1999 |p 3940209 |r 2024-10-04 |s 2024-10-04 |w 2019-11-21 |y BK_F |k MUS | ||
| 952 | |0 0 |1 0 |4 0 |6 780_983000000000000_SOC_1999 |7 0 |8 F |9 368444 |a BIBEDU |b BIBEDU |d 2019-11-21 |i 4011384 |l 12 |o 780.983 SOC 1999 |p 4011384 |r 2024-05-22 |s 2024-05-22 |w 2019-11-21 |y BK_F |k MUS | ||